Countries With An L and B - Statistics

General Stats
  • This quiz has been taken 88 times
    76 since last reset
  • The average score is 14 of 17
Answer Stats
Answer % Correct
Brazil
98%
Albania
91%
Bolivia
90%
Libya
90%
Liberia
88%
Colombia
86%
Belarus
83%
D.R. Congo
81%
Belgium
79%
Dominican Republic
79%
Belize
78%
Bulgaria
78%
Lebanon
78%
Luxembourg
78%
Republic of the Congo
76%
Central African Republic
67%
Bangladesh
64%
No matching quizzes found
Score Distribution
Percent of People with Each Score
Percentile by Number Answered
Your Score History
You have not taken this quiz since the last reset